The presence of the world /
Сохранить в:
| Главный автор: | |
|---|---|
| Формат: | Неизвестно |
| Язык: | English |
| Опубликовано: |
New Haven :
Yale University Press,
1967.
|
| Предметы: | |
| Метки: |
Добавить метку
Нет меток, Требуется 1-ая метка записи!
|
MARC
| LEADER | 000000000a22000000004500 | ||
|---|---|---|---|
| 001 | 011337 | ||
| 020 | |a 0816610436 | ||
| 041 | 0 | |a eng | |
| 082 | 0 | 4 | |a 401 |b O58p |
| 100 | 1 | |a Ong, Walter J. | |
| 245 | 1 | 4 | |a The presence of the world / |c Walter J. Ong. |
| 260 | 1 | |a New Haven : |b Yale University Press, |c 1967. | |
| 300 | |a 360 páginas | ||
| 500 | |a Colección George Yúdice | ||
| 650 | 4 | |a LENGUAJE | |
| 650 | 4 | |a FILOSOFIA | |
| 999 | |c 16634 |d 16634 | ||
| 942 | |c BK |h 401 O58p |2 z | ||



